[Event "FICGS class C 000240 email"]
[Site "FICGS email"]
[Date "2017.02.20"]
[Round "1"]
[White "Vasquez, Fernando Jose Pinto"]
[Black "Ropokis, Dimitrios"]
[Result "1-0"]
[WhiteElo "1906"]
[BlackElo "1653"]
[PlyCount "27"]
[EventDate "2017.??.??"]
[EventType "tourn (corr)"]
[EventRounds "4"]
[SourceTitle "Corr 2022"]
[Source "ChessBase"]
[SourceDate "2021.10.24"]
[SourceVersion "1"]
[SourceVersionDate "2021.10.24"]
[SourceQuality "1"]

1. e4 c5 2. c3 d5 3. exd5 Qxd5 4. d4 Nf6 5. Nf3 Nc6 6. Be2 cxd4 7. cxd4 e6 8. 0-0 Be7 9. Nc3 Qd6 10. g3 0-0 11. Bf4 Qd8 12. Be3 Ng4 13. Rc1 Nxe3 14. fxe3 1-0

[Event "FICGS class E 000193 email"]
[Site "FICGS email"]
[Date "2016.10.08"]
[Round "1"]
[White "Cirovic, Zeljko"]
[Black "Ropokis, Dimitrios"]
[Result "0-1"]
[WhiteElo "1445"]
[BlackElo "1584"]
[PlyCount "80"]
[EventDate "2016.??.??"]
[EventType "tourn (corr)"]
[EventRounds "5"]
[SourceTitle "Corr 2022"]
[Source "ChessBase"]
[SourceDate "2021.10.24"]
[SourceVersion "1"]
[SourceVersionDate "2021.10.24"]
[SourceQuality "1"]

1. e4 e5 2. Nf3 Nf6 3. Nxe5 d6 4. Nf3 Nxe4 5. d4 d5 6. Bd3 Bd6 7. Nc3 Nxc3 8. bxc3 Nd7 9. 0-0 0-0 10. a4 a5 11. c4 dxc4 12. Bxc4 Nf6 13. Bg5 h6 14. Bh4 Bf5 15. c3 Rc8 16. Ne5 Bxe5 17. dxe5 Qxd1 18. Rfxd1 Nd7 19. f4 Nb6 20. Bb5 c6 21. Bd3 Bxd3 22. Rxd3 Nc4 23. Rd7 b5 24. g4 Nb6 25. Rb7 Nxa4 26. c4 Nc5 27. Rb6 Nb3 28. Re1 Nd2 29. Kg2 Nxc4 30. Rb7 Rfe8 31. g5 hxg5 32. Bxg5 f6 33. Bh4 fxe5 34. fxe5 Rxe5 35. Rd1 Ne3+ 36. Kf3 Nxd1 37. Bg3 Rf8+ 38. Kg2 Ne3+ 39. Kh3 Rh5+ 40. Bh4 Rf3# 0-1

[Event "FICGS rapid C 000135 email"]
[Site "FICGS email"]
[Date "2016.10.08"]
[Round "1"]
[White "Domingo Gadea, Jordi"]
[Black "Ropokis, Dimitrios"]
[Result "1-0"]
[WhiteElo "1826"]
[BlackElo "1584"]
[PlyCount "73"]
[EventDate "2016.??.??"]
[EventType "tourn (rapid)"]
[EventRounds "4"]
[SourceTitle "Corr 2022"]
[Source "ChessBase"]
[SourceDate "2021.10.24"]
[SourceVersion "1"]
[SourceVersionDate "2021.10.24"]
[SourceQuality "1"]

1. e4 e5 2. Nf3 Nf6 3. Nxe5 d6 4. Nf3 Nxe4 5. d4 d5 6. Bd3 Bd6 7. 0-0 0-0 8. c4 c6 9. cxd5 cxd5 10. Nc3 Nxc3 11. bxc3 Bg4 12. Rb1 b6 13. Rb5 Bc7 14. h3 a6 15. hxg4 axb5 16. Qc2 g6 17. Bxb5 Qd6 18. g3 Nc6 19. Kg2 Rfc8 20. Rh1 Bd8 21. Qd2 Ra7 22. Qh6 f6 23. g5 Qd7 24. a4 Qf7 25. Qh3 Qd7 26. Qxd7 Rxd7 27. c4 fxg5 28. cxd5 Rxd5 29. Bc4 Nb4 30. Bxd5+ Kg7 31. Be4 Rc4 32. Bxg5 Bxg5 33. Nxg5 h6 34. Nf3 g5 35. Re1 Kf6 36. g4 Nc2 37. Bxc2 1-0

[Event "FICGS class D 000231 email"]
[Site "FICGS email"]
[Date "2016.10.07"]
[Round "1"]
[White "Ramos, Francisco Miguel R"]
[Black "Ropokis, Dimitrios"]
[Result "0-1"]
[WhiteElo "1627"]
[BlackElo "1584"]
[PlyCount "40"]
[EventDate "2016.??.??"]
[EventType "tourn (corr)"]
[EventRounds "6"]
[SourceTitle "Corr 2022"]
[Source "ChessBase"]
[SourceDate "2021.10.24"]
[SourceVersion "1"]
[SourceVersionDate "2021.10.24"]
[SourceQuality "1"]

1. e4 e5 2. Nf3 Nf6 3. Nxe5 d6 4. Nf3 Nxe4 5. d4 d5 6. Bd3 Bd6 7. c4 c6 8. Nc3 Nxc3 9. bxc3 dxc4 10. Bxc4 0-0 11. 0-0 Bg4 12. h3 Bf5 13. Bg5 Qa5 14. Qb3 Be4 15. Bh4 Bxf3 16. gxf3 Qh5 17. Bg3 Bxg3 18. fxg3 Qxh3 19. g4 Qg3+ 20. Kh1 Nd7 0-1

[Event "FICGS rapid E 000176 email"]
[Site "FICGS email"]
[Date "2016.09.04"]
[Round "1"]
[White "Benone, Mateia"]
[Black "Ropokis, Dimitrios"]
[Result "1-0"]
[WhiteElo "1185"]
[BlackElo "1584"]
[PlyCount "53"]
[EventDate "2016.??.??"]
[EventType "tourn (rapid)"]
[EventRounds "6"]
[SourceTitle "Corr 2022"]
[Source "ChessBase"]
[SourceDate "2021.10.24"]
[SourceVersion "1"]
[SourceVersionDate "2021.10.24"]
[SourceQuality "1"]

1. e4 e5 2. Nf3 Nf6 3. Nxe5 d6 4. Nf3 Nxe4 5. d4 d5 6. c4 c6 7. Nc3 Nxc3 8. bxc3 Be6 9. cxd5 cxd5 10. Bd3 g6 11. 0-0 Bg7 12. Ba3 Nc6 13. Rb1 Qc7 14. Qd2 0-0-0 15. Rb5 Kb8 16. Rfb1 b6 17. Bc5 Ka8 18. Rxb6 axb6 19. Rxb6 Rb8 20. Ra6+ Kb7 21. Bb5 Bd7 22. Bxc6+ Kxa6 23. Qd3+ Ka5 24. Bb4+ Kb6 25. Qb5+ Ka7 26. Qa4+ Kb6 27. Bc5# 1-0

[Event "FICGS rapid E 000176 email"]
[Site "FICGS email"]
[Date "2016.09.04"]
[Round "1"]
[White "Salinas, Loreva"]
[Black "Ropokis, Dimitrios"]
[Result "0-1"]
[WhiteElo "925"]
[BlackElo "1584"]
[PlyCount "56"]
[EventDate "2016.??.??"]
[EventType "tourn (rapid)"]
[EventRounds "6"]
[SourceTitle "Corr 2022"]
[Source "ChessBase"]
[SourceDate "2021.10.24"]
[SourceVersion "1"]
[SourceVersionDate "2021.10.24"]
[SourceQuality "1"]

1. Nf3 d5 2. c3 c5 3. Qa4+ Bd7 4. Qf4 Nf6 5. Ne5 Nc6 6. d4 e6 7. e3 Nxe5 8. dxe5 Ne4 9. a4 g5 10. Qg4 h5 11. Qf3 g4 12. Qd1 Qg5 13. f4 Qh4+ 14. g3 Nxg3 15. Rg1 Ne4+ 16. Rg3 Nxg3 17. hxg3 Qxg3+ 18. Kd2 h4 19. Qb3 Qf2+ 20. Be2 g3 21. Qxb7 Rc8 22. Qb3 Bg7 23. c4 g2 24. cxd5 g1Q 25. d6 Qge1+ 26. Kc2 Qfxe2+ 27. Bd2 f5 28. Nc3 Q2xd2# 0-1

[Event "FICGS class E 000192 email"]
[Site "FICGS email"]
[Date "2016.09.03"]
[Round "1"]
[White "Ropokis, Dimitrios"]
[Black "Hilbert, Stephan"]
[Result "1-0"]
[WhiteElo "1584"]
[BlackElo "1354"]
[PlyCount "33"]
[EventDate "2016.??.??"]
[EventType "tourn (corr)"]
[EventRounds "5"]
[SourceTitle "Corr 2022"]
[Source "ChessBase"]
[SourceDate "2021.10.24"]
[SourceVersion "1"]
[SourceVersionDate "2021.10.24"]
[SourceQuality "1"]

1. d4 Nf6 2. c4 b6 3. Nf3 e6 4. g3 Bb7 5. Bg2 c5 6. d5 exd5 7. Nh4 Be7 8. cxd5 d6 9. Nf5 g6 10. Nxe7 Qxe7 11. 0-0 Nbd7 12. e4 0-0 13. Nc3 a6 14. f4 b5 15. e5 dxe5 16. d6 Qd8 17. Bxb7 1-0

[Event "FICGS class E 000191 email"]
[Site "FICGS email"]
[Date "2016.08.24"]
[Round "1"]
[White "Joubert, Hennie"]
[Black "Ropokis, Dimitrios"]
[Result "0-1"]
[WhiteElo "1227"]
[BlackElo "1410"]
[PlyCount "42"]
[EventDate "2016.??.??"]
[EventType "tourn (corr)"]
[EventRounds "5"]
[SourceTitle "Corr 2022"]
[Source "ChessBase"]
[SourceDate "2021.10.24"]
[SourceVersion "1"]
[SourceVersionDate "2021.10.24"]
[SourceQuality "1"]

1. e4 e5 2. Nf3 Nf6 3. Nxe5 d6 4. Nf3 Nxe4 5. c3 d5 6. d4 Bd6 7. Bd3 0-0 8. 0-0 Nf6 9. Bg5 Be6 10. Ne5 c5 11. f4 h6 12. Bh4 Nc6 13. Bb5 Qb6 14. Bxc6 bxc6 15. Bxf6 gxf6 16. Ng4 Kg7 17. f5 Bd7 18. Qd2 Rh8 19. a4 Rae8 20. Na3 cxd4 21. cxd4 Re4 0-1

[Event "FICGS rapid E 000175 email"]
[Site "FICGS email"]
[Date "2016.08.11"]
[Round "1"]
[White "Joubert, Hennie"]
[Black "Ropokis, Dimitrios"]
[Result "0-1"]
[WhiteElo "1227"]
[BlackElo "1410"]
[PlyCount "62"]
[EventDate "2016.??.??"]
[EventType "tourn (rapid)"]
[EventRounds "6"]
[SourceTitle "Corr 2022"]
[Source "ChessBase"]
[SourceDate "2021.10.24"]
[SourceVersion "1"]
[SourceVersionDate "2021.10.24"]
[SourceQuality "1"]

1. e4 e5 2. Nf3 Nf6 3. Nxe5 d6 4. Nf3 Nxe4 5. c3 d5 6. d4 Bd6 7. Bd3 0-0 8. 0-0 Nf6 9. h3 Re8 10. Bg5 c5 11. dxc5 Bxc5 12. Nbd2 h6 13. Bh4 Nbd7 14. Bb5 a6 15. Ba4 b5 16. Bb3 Qb6 17. Bc2 a5 18. Nb3 Bd6 19. Qd3 b4 20. Nbd4 Ba6 21. Qd2 Bxf1 22. Rxf1 Ne4 23. Bxe4 Rxe4 24. Qd3 Nc5 25. Qd2 Rae8 26. Nf5 Bf4 27. Qxd5 bxc3 28. bxc3 g6 29. N5d4 Nd3 30. g3 g5 31. gxf4 Nxf4 0-1

[Event "FICGS rapid E 000175 email"]
[Site "FICGS email"]
[Date "2016.08.11"]
[Round "1"]
[White "Puzanov, Vasyl"]
[Black "Ropokis, Dimitrios"]
[Result "0-1"]
[WhiteElo "871"]
[BlackElo "1410"]
[PlyCount "58"]
[EventDate "2016.??.??"]
[EventType "tourn (rapid)"]
[EventRounds "6"]
[SourceTitle "Corr 2022"]
[Source "ChessBase"]
[SourceDate "2021.10.24"]
[SourceVersion "1"]
[SourceVersionDate "2021.10.24"]
[SourceQuality "1"]

1. e4 e5 2. f4 exf4 3. Nf3 g5 4. h4 g4 5. Ne5 Nf6 6. d4 d6 7. Nd3 Nxe4 8. Bxf4 Bg7 9. c3 0-0 10. Be2 c5 11. d5 c4 12. Nf2 Nxf2 13. Kxf2 Qb6+ 14. Be3 Qxb2 15. Nd2 Qxc3 16. Rc1 g3+ 17. Kf3 Qf6+ 18. Kxg3 c3 19. Nf3 Re8 20. Bg5 Qg6 21. h5 Qf5 22. Bd3 Qg4+ 23. Kf2 h6 24. Re1 Bd7 25. Rxe8+ Bxe8 26. Qe2 Na6 27. Bh4 Bd7 28. Bxa6 bxa6 29. Qxa6 Rb8 0-1

[Event "FICGS rapid E 000175 email"]
[Site "FICGS email"]
[Date "2016.08.11"]
[Round "1"]
[White "Ropokis, Dimitrios"]
[Black "Leurette, Marc Antoine"]
[Result "1-0"]
[WhiteElo "1410"]
[BlackElo "1276"]
[PlyCount "67"]
[EventDate "2016.??.??"]
[EventType "tourn (rapid)"]
[EventRounds "6"]
[SourceTitle "Corr 2022"]
[Source "ChessBase"]
[SourceDate "2021.10.24"]
[SourceVersion "1"]
[SourceVersionDate "2021.10.24"]
[SourceQuality "1"]

1. d4 d5 2. c4 c6 3. Nf3 Nf6 4. Nc3 e6 5. Bg5 h6 6. Bh4 Be7 7. e3 Nbd7 8. Rc1 0-0 9. Qc2 b5 10. cxb5 cxb5 11. Bxb5 a6 12. Bd3 a5 13. 0-0 Ba6 14. Bxa6 Rxa6 15. Qe2 Ra8 16. Rc2 a4 17. Nb5 a3 18. bxa3 Bxa3 19. Nxa3 Rxa3 20. Rfc1 Ra8 21. Rc7 Rc8 22. Rxc8 Qxc8 23. Rxc8 Rxc8 24. Bxf6 Nxf6 25. h3 Ne4 26. Qb2 g5 27. Ne5 Kg7 28. Qb7 Rf8 29. a4 Nd6 30. Qe7 Nf5 31. Qc7 h5 32. a5 g4 33. hxg4 hxg4 34. a6 1-0

[Event "FICGS rapid E 000175 email"]
[Site "FICGS email"]
[Date "2016.08.11"]
[Round "1"]
[White "Ropokis, Dimitrios"]
[Black "Pipac, Darko"]
[Result "1-0"]
[WhiteElo "1410"]
[BlackElo "1187"]
[PlyCount "77"]
[EventDate "2016.??.??"]
[EventType "tourn (rapid)"]
[EventRounds "6"]
[SourceTitle "Corr 2022"]
[Source "ChessBase"]
[SourceDate "2021.10.24"]
[SourceVersion "1"]
[SourceVersionDate "2021.10.24"]
[SourceQuality "1"]

1. d4 h6 2. c4 a6 3. Nc3 Nf6 4. e4 d6 5. f3 e5 6. d5 Nbd7 7. Be3 c5 8. Bd3 Nb6 9. Nge2 Be7 10. 0-0 Bd7 11. a4 Qc7 12. a5 Nc8 13. Qb1 Qb8 14. b4 b6 15. axb6 Qxb6 16. bxc5 Qxb1 17. Rfxb1 0-0 18. c6 Be8 19. Ng3 Nh7 20. c7 Bg5 21. Bxg5 Nxg5 22. Rb8 Nb6 23. Rxa8 Nxa8 24. c8Q Nb6 25. Qxa6 Nxc4 26. Bxc4 Bd7 27. Qxd6 Be8 28. Nf5 g6 29. Nxh6+ Kg7 30. h4 Nh7 31. Ng4 f6 32. Ra7+ Bf7 33. h5 gxh5 34. Ne3 Rg8 35. Rxf7+ Kxf7 36. Qe6+ Kg7 37. Nf5+ Kh8 38. d6 h4 39. Qxg8# 1-0

[Event "FICGS class E 000190 email"]
[Site "FICGS email"]
[Date "2016.07.16"]
[Round "1"]
[White "Barradas, Anderson"]
[Black "Ropokis, Dimitrios"]
[Result "0-1"]
[WhiteElo "1220"]
[BlackElo "1410"]
[PlyCount "54"]
[EventDate "2016.??.??"]
[EventType "tourn (corr)"]
[EventRounds "5"]
[SourceTitle "Corr 2022"]
[Source "ChessBase"]
[SourceDate "2021.10.24"]
[SourceVersion "1"]
[SourceVersionDate "2021.10.24"]
[SourceQuality "1"]

1. e4 c5 2. Nf3 Nf6 3. d4 cxd4 4. Nxd4 Nxe4 5. Bd3 Nc5 6. 0-0 Nxd3 7. Qxd3 Nc6 8. Nf3 d5 9. Nc3 e6 10. Re1 Be7 11. Nb5 f6 12. b3 0-0 13. Nc3 Nb4 14. Qd2 e5 15. a3 d4 16. Ne4 Nc6 17. Ng3 Be6 18. Nh4 f5 19. f4 Bxh4 20. Qf2 e4 21. Bb2 Rf7 22. Rad1 Rd7 23. b4 b5 24. c3 d3 25. Qc5 d2 26. Re2 Bb3 27. Rdxd2 Rxd2 0-1

[Event "FICGS rapid D 000100 email"]
[Site "FICGS email"]
[Date "2016.07.16"]
[Round "1"]
[White "Ropokis, Dimitrios"]
[Black "Budnar, Milos"]
[Result "1-0"]
[WhiteElo "1410"]
[BlackElo "1433"]
[PlyCount "37"]
[EventDate "2016.??.??"]
[EventType "tourn (rapid)"]
[EventRounds "5"]
[SourceTitle "Corr 2022"]
[Source "ChessBase"]
[SourceDate "2021.10.24"]
[SourceVersion "1"]
[SourceVersionDate "2021.10.24"]
[SourceQuality "1"]

1. d4 Nf6 2. c4 e6 3. Nc3 Bb4 4. Qc2 0-0 5. f3 d5 6. a3 Ba5 7. b4 Bxb4 8. axb4 c6 9. e3 Na6 10. b5 Nb4 11. Qb1 a5 12. bxa6 Nxa6 13. c5 Qc7 14. Bd3 g6 15. f4 Re8 16. Nf3 Ne4 17. Nxe4 dxe4 18. Bxe4 f5 19. Bd3 1-0

[Event "FICGS class E 000190 email"]
[Site "FICGS email"]
[Date "2016.07.16"]
[Round "1"]
[White "Ropokis, Dimitrios"]
[Black "Piantadosi, Angelo"]
[Result "1-0"]
[WhiteElo "1410"]
[BlackElo "1405"]
[PlyCount "51"]
[EventDate "2016.??.??"]
[EventType "tourn (corr)"]
[EventRounds "5"]
[SourceTitle "Corr 2022"]
[Source "ChessBase"]
[SourceDate "2021.10.24"]
[SourceVersion "1"]
[SourceVersionDate "2021.10.24"]
[SourceQuality "1"]

1. d4 d5 2. c4 e6 3. Nc3 Nf6 4. Bg5 Nbd7 5. Nf3 Be7 6. e3 0-0 7. Rc1 c6 8. Bd3 h6 9. Bh4 dxc4 10. Bxc4 Nb6 11. Bd3 Nfd5 12. Bg3 Bd6 13. Ne4 Bxg3 14. Nxg3 Bd7 15. 0-0 Rc8 16. Ne4 Nf6 17. Nc5 Qc7 18. Bb1 Rcd8 19. Qc2 Nc8 20. e4 g6 21. Rfe1 b6 22. Nxd7 Nxd7 23. Qxc6 Qxc6 24. Rxc6 Ne7 25. Rc7 Nf6 26. Rxe7 1-0

[Event "FICGS theme 0001 email"]
[Site "FICGS email"]
[Date "2014.11.29"]
[Round "1"]
[White "Ropokis, Dimitrios"]
[Black "Benone, Mateia"]
[Result "0-1"]
[WhiteElo "1761"]
[BlackElo "1041"]
[PlyCount "28"]
[EventDate "2014.??.??"]
[EventType "swiss (corr)"]
[EventRounds "1"]
[SourceTitle "Corr 2022"]
[Source "ChessBase"]
[SourceDate "2021.10.24"]
[SourceVersion "1"]
[SourceVersionDate "2021.10.24"]
[SourceQuality "1"]

1. d4 Nf6 2. c4 e5 3. dxe5 Ng4 4. Nf3 Nc6 5. Bf4 f6 6. exf6 Qxf6 7. Qd2 Bb4 8. Nc3 d6 9. h3 Bxc3 10. bxc3 Nge5 11. Nxe5 Nxe5 12. Bxe5 Qxe5 13. Qd4 Qe7 14. e3 0-0 0-1

[Event "FICGS W-ch st1 g08 email"]
[Site "FICGS email"]
[Date "2014.11.01"]
[Round "1"]
[White "Waciak, Karol"]
[Black "Ropokis, Dimitrios"]
[Result "1-0"]
[WhiteElo "1838"]
[BlackElo "1761"]
[PlyCount "33"]
[EventDate "2014.??.??"]
[EventType "tourn (corr)"]
[EventRounds "8"]
[SourceTitle "Corr 2022"]
[Source "ChessBase"]
[SourceDate "2021.10.24"]
[SourceVersion "1"]
[SourceVersionDate "2021.10.24"]
[SourceQuality "1"]

1. e4 b6 2. d4 Bb7 3. Bd3 Nf6 4. Nc3 e6 5. Nge2 c5 6. d5 d6 7. dxe6 fxe6 8. Nf4 e5 9. Ne6 Qd7 10. Bc4 a6 11. Bg5 Nxe4 12. Nd5 Nxg5 13. Qh5+ Nf7 14. Ndc7+ Ke7 15. Qh4+ g5 16. Nxg5 Nxg5 17. Qxg5# 1-0

[Event "FICGS class C 000214 email"]
[Site "FICGS email"]
[Date "2014.10.29"]
[Round "1"]
[White "Gourdie, Jim"]
[Black "Ropokis, Dimitrios"]
[Result "0-1"]
[WhiteElo "1800"]
[BlackElo "1616"]
[PlyCount "56"]
[EventDate "2014.??.??"]
[EventType "tourn (corr)"]
[EventRounds "4"]
[SourceTitle "Corr 2022"]
[Source "ChessBase"]
[SourceDate "2021.10.24"]
[SourceVersion "1"]
[SourceVersionDate "2021.10.24"]
[SourceQuality "1"]

1. d4 b6 2. e3 Bb7 3. f4 Nf6 4. Bd3 Bxg2 5. Qe2 Bxh1 6. e4 d5 7. e5 Ne4 8. Nd2 Nxd2 9. Bxd2 Be4 10. Bxe4 dxe4 11. Qxe4 c6 12. 0-0-0 Qd5 13. Qxd5 cxd5 14. Rf1 Nc6 15. c3 e6 16. f5 Be7 17. Ne2 exf5 18. Rxf5 0-0 19. Kc2 Rad8 20. b4 b5 21. Rh5 g6 22. Rh3 a5 23. Bh6 Rfe8 24. a3 axb4 25. cxb4 Bf8 26. Bg5 Ra8 27. Nf4 Nxd4+ 28. Kd1 Rxe5 0-1